MIKROŠTRUKTÚRA A MECHANICKÉ VLASTNOSTI POLYFÁZOVEJ INTERMETALICKEJ ZLIATINY NA BÁZE NIKLU

Bibliographic Details
Main Author: Lapin, J. (Author)
Format: Article
Language:Slovak
ISBN:8096817590

MARC

LEADER 00000naa a2200000uu 4500
001 vtls011086220
003 SK-MaSNL
005 20260302105341.0
008 210905|1999 xo |||||||||||||||||slo|
015 |a SNBRA 
035 |a (urnnbn)urn:nbn:sk:snk:ar-a0cmmp 
035 |a (uuid)48df93ba-ee7d-49a3-a1d0-f9324c92af51 
035 |a urn:nbn:sk:snk-aavshp 
040 |a SNKBUCL  |b slo  |c SNKBUCL  |e AACR2 
041 0 |a slo 
044 |a xo  |c SK 
100 1 |a Lapin, J.  |4 aut  |9 775813 
245 1 0 |a MIKROŠTRUKTÚRA A MECHANICKÉ VLASTNOSTI POLYFÁZOVEJ INTERMETALICKEJ ZLIATINY NA BÁZE NIKLU  |c J. Lapin 
773 0 |t Konštrukčné materiály '99  |d Bratislava : Vedecká spoločnosť pre náuku o kovoch ; Bratislava : Ústav materiálov a mechaniky trojov SAV, 1999  |g S. 23-28  |z 8096817590 
958 |a OND 
958 |a article12 
958 |a chapter 
999 |c 1238321  |d 1240251